Normal view MARC view
  • Pereira Jr., Alfredo

Entry Personal Name

Number of records used in: 1

001 - CONTROL NUMBER

  • control field: 104173

003 - CONTROL NUMBER IDENTIFIER

  • control field: NUST

005 - DATE AND TIME OF LATEST TRANSACTION

  • control field: 20221205183300.0

008 - FIXED-LENGTH DATA ELEMENTS

  • fixed length control field: 221205|| aca||aabn | a|a d

040 ## - CATALOGING SOURCE

  • Original cataloging agency: NUST
  • Transcribing agency: NUST

100 ## - HEADING--PERSONAL NAME

  • Personal name: Pereira Jr., Alfredo

670 ## - SOURCE DATA FOUND

  • Source citation: Work cat.: (NUST)176654: Rocha, A. F. 104170, The brain :, c2005.
© 2023 Central Library, National University of Sciences and Technology. All Rights Reserved.